Mix and Match Book Titles Quiz Stats

Quiz Updated Sep 16, 2015

Challenge
Share
Tweet
Score 0/20 Timer 05:00
4 Plays Today
% Correct
Still the Giant Peach
96.4%
Tinker Tailor Soldier Wife
95.6%
Jane the Pest
95.2%
The Kite Prince
94.3%
East of the Flood
93.2%
The Picture of Man
93%
The Portrait of the Willows
91.6%
The Satanic Lot
90.9%
The Curious Incident of the Dog at Wounded Knee
89.5%
Naked Girl
88.6%
% Correct
Vanity the Obscure
87.4%
Stranger in a Sargasso Sea
86.4%
Revolutionary King
86.3%
Gravity's Fang
85.1%
The Quiet Drum
82.8%
Everything We Cannot See
81.4%
Cry, Pioneers!
81%
Blood House
79.4%
Wolf Dragon
77.5%
The Killer Boys
72.7%

You're not logged in!

Compare scores with friends on all Sporcle quizzes.
Join for Free
OR
Log In

You Might Also Like...

Show Comments

Extras

Top Quizzes Today


Score Distribution

Your Account Isn't Verified!

In order to create a playlist on Sporcle, you need to verify the email address you used during registration. Go to your Sporcle Settings to finish the process.

Report this User

Report this user for behavior that violates our Community Guidelines.

Details: